[Event "22ème Open de Saint-Affrique"]
[Site "Saint Affrique (12)"]
[Date "2014.07.26"]
[Round "9.48"]
[White "Casasnovas, Vincent"]
[Black "Caudrelier, Pierre"]
[Result "0-1"]
[WhiteElo "1562"]
[BlackElo "1510"]
[PlyCount "118"]
[EventDate "2014.??.??"]
[Source "Sylvain Rivier"]
[SourceDate "2014.07.26"]

1. d4 Nf6 2. Nf3 e6 3. e3 c5 4. b3 cxd4 5. exd4 Nc6 6. Bb2 d5 7. Bd3 Bd6 8. O-O
O-O 9. a3 b6 10. Nbd2 Bb7 11. Ne5 Qc7 12. f4 Nd7 13. Qg4 f5 14. Qh3 Rf6 15.
Ndf3 Rh6 16. Qg3 Ne7 17. Ng5 Rf8 18. Qe3 Nc6 19. Rf3 Nd8 20. Rh3 Rff6 21. Rf1
Nf8 22. Rff3 Bxe5 23. dxe5 Rfg6 24. Rxh6 Rxh6 25. a4 d4 26. Bxd4 Bxf3 27. Qxf3
Nf7 28. Bc4 Nxg5 29. fxg5 Rh4 30. Be3 Rxc4 31. bxc4 Qxe5 32. Bd2 Qd4+ 33. Qe3
Qxe3+ 34. Bxe3 e5 35. c5 bxc5 36. Bxc5 a6 37. c4 Ne6 38. Bd6 e4 39. c5 Kf7 40.
c6 Ke8 41. Kf2 Nd4 42. c7 Kd7 43. Be5 Ne6 44. h4 g6 45. g3 Nxc7 46. Bc3 Nd5 47.
Bd2 Kd6 48. Ke2 Kc5 49. Be1 Kc4 50. Kd1 Nc3+ 51. Kc2 Nxa4 52. Bd2 Nc5 53. Be1
Nb3 54. Kb2 e3 55. Kc2 a5 56. Kb2 e2 57. Ka3 Nd4 58. Ka4 Nc2 59. Bf2 e1=Q 0-1

[Event "22ème Open de Saint-Affrique"]
[Site "Saint Affrique (12)"]
[Date "2014.07.26"]
[Round "9.49"]
[White "Brin-Vervat, Emma"]
[Black "Combes, Angelino"]
[Result "1-0"]
[WhiteElo "1541"]
[BlackElo "1318"]
[PlyCount "117"]
[EventDate "2014.??.??"]
[Source "Sylvain Rivier"]
[SourceDate "2014.07.26"]

1. e4 e5 2. Nf3 d6 3. Nc3 Nf6 4. d4 Bg4 5. Be2 Nbd7 6. O-O g6 7. h3 Bxf3 8.
Bxf3 Bg7 9. Be3 O-O 10. Qd2 exd4 11. Bxd4 Ne5 12. Be2 Qd7 13. Qg5 Qe6 14. Qf4
a6 15. a3 Nfd7 16. Qd2 Nc4 17. Bxc4 Qxc4 18. Bxg7 Kxg7 19. Rfe1 c6 20. Qxd6 Nf6
21. Qg3 Rad8 22. Qf3 Qe6 23. Rad1 Rfe8 24. Rxd8 Rxd8 25. Qe3 Ne8 26. Qe2 Nd6
27. Rd1 Qe7 28. Qd3 f6 29. Qe2 Nf7 30. Re1 Qd7 31. Rd1 Qc7 32. Re1 Qd7 33. Qe3
Qd2 34. Qxd2 Rxd2 35. Re2 Rxe2 36. Nxe2 Nd6 37. Nc3 Nc4 38. Na4 b5 39. Nc5 a5
40. Nd3 Kf7 41. f3 Ne3 42. c3 Nc4 43. Kf2 Ke6 44. Ke2 a4 45. f4 f5 46. e5 Kd5
47. Kf3 h6 48. g4 Nd2+ 49. Ke2 Ne4 50. Ke3 c5 51. Nf2 Nxf2 52. Kxf2 Ke6 53. Ke3
Kd5 54. Kf3 Ke6 55. Kg3 Kd5 56. gxf5 gxf5 57. Kh4 Ke6 58. Kh5 Kf7 59. Kxh6 1-0

[Event "22ème Open de Saint-Affrique"]
[Site "Saint Affrique (12)"]
[Date "2014.07.26"]
[Round "9.50"]
[White "Fabre, Jean-Michel"]
[Black "Fosse, Jean-Claude"]
[Result "0-1"]
[WhiteElo "1337"]
[BlackElo "1465"]
[PlyCount "106"]
[EventDate "2014.??.??"]
[Source "Sylvain Rivier"]
[SourceDate "2014.07.26"]

1. d4 Nf6 2. c4 c5 3. d5 b5 4. b3 b4 5. Nf3 g6 6. Bd2 Bg7 7. a4 d6 8. Qc1 O-O
9. Bh6 Bg4 10. e3 Bxh6 11. h3 Bxf3 12. gxf3 Bg7 13. Be2 Qd7 14. h4 h5 15. Bd3
e6 16. dxe6 Qxe6 17. Nd2 Nbd7 18. Rb1 Ne5 19. Be2 Rad8 20. f4 Nc6 21. Bd3 Ne7
22. Qc2 d5 23. cxd5 Rxd5 24. Bc4 Qd6 25. Bxd5 Qxd5 26. Rg1 Nf5 27. e4 Nd4 28.
exd5 Nxc2+ 29. Kd1 Nd4 30. Rc1 Rc8 31. d6 Nd7 32. Re1 Nf5 33. Ne4 Rc6 34. Re2
Nd4 35. Re1 Nxb3 36. Rc2 Nd4 37. Rc4 Nf5 38. Ke2 Nxd6 39. Nxd6 Rxd6 40. Kf3 Kf8
41. Rce4 Bf6 42. Kg3 b3 43. Re8+ Kg7 44. Ra8 b2 45. Rxa7 c4 46. Rb7 c3 47. Re2
Nc5 48. Rb4 Nxa4 49. Rxa4 b1=Q 50. Rae4 Qg1+ 51. Kf3 Rd3+ 52. R4e3 Qh1+ 53. Kg3
Bxh4# 0-1

[Event "22ème Open de Saint-Affrique"]
[Site "Saint Affrique (12)"]
[Date "2014.07.26"]
[Round "9.51"]
[White "Raynal, Etienne"]
[Black "Leost, Joel"]
[Result "1/2-1/2"]
[WhiteElo "1286"]
[BlackElo "1445"]
[PlyCount "87"]
[EventDate "2014.??.??"]
[Source "Sylvain Rivier"]
[SourceDate "2014.07.26"]

1. e4 c5 2. Nf3 Nc6 3. Bb5 a6 4. Bxc6 bxc6 5. O-O d6 6. h3 Nf6 7. d3 e6 8. Bg5
Be7 9. Nc3 O-O 10. Re1 e5 11. Nh2 h6 12. Bd2 Be6 13. Re3 Kh7 14. Bc1 Rg8 15.
Ne2 g5 16. Ng3 Rg6 17. Qd2 Qg8 18. Re1 Qc8 19. Kh1 Bxh3 20. gxh3 Qxh3 21. Qe2
Rh8 22. Qf1 Qd7 23. Nf5 Bf8 24. Qh3 Qd8 25. Bxg5 Rxg5 26. Rg1 Rh5 27. Qf3 Rg8
28. Rxg8 Kxg8 29. Kg1 d5 30. Kh1 Rg5 31. Qh3 Kh7 32. f3 dxe4 33. fxe4 h5 34.
Ng3 Qd7 35. Nf5 Kg6 36. Nh4+ Kh6 37. Nf5+ Kg6 38. Nf3 Rxf5 39. Nh4+ Kh7 40.
Qxf5+ Qxf5 41. Nxf5 Ng4 42. Rf1 f6 43. c4 Kg6 44. a3 {suite illisible} 1/2-1/2

[Event "22ème Open de Saint-Affrique"]
[Site "Saint Affrique (12)"]
[Date "2014.07.26"]
[Round "9.52"]
[White "Guerin, Tristan"]
[Black "Galy, Christian"]
[Result "0-1"]
[WhiteElo "1417"]
[BlackElo "1314"]
[PlyCount "70"]
[EventDate "2014.??.??"]
[Source "Sylvain Rivier"]
[SourceDate "2014.07.26"]

1. e4 g6 2. d4 Bg7 3. Nf3 d6 4. Nc3 a6 5. Be3 Nd7 6. Qd2 b6 7. O-O-O Bb7 8. Bd3
c5 9. dxc5 bxc5 10. h4 h6 11. a3 Ngf6 12. Rdg1 Ng4 13. Bf4 e5 14. Bg3 Ndf6 15.
Ne1 Nh5 16. Bh2 Nxh2 17. Rxh2 Nf4 18. g3 Ne6 19. Nf3 Nd4 20. Nxd4 cxd4 21. Ne2
Qb6 22. Bc4 Rc8 23. Bb3 Qxb3 24. Kb1 Bxe4 25. Rc1 Qb6 26. g4 Rb8 27. b4 a5 28.
Ka1 axb4 29. Rb1 Qa5 30. Rb3 Bd5 31. Rg3 Bc4 32. Nc1 d3 33. Nxd3 Qxa3+ 34. Kb1
Qa2+ 35. Kc1 Qa1# 0-1

[Event "22ème Open de Saint-Affrique"]
[Site "Saint Affrique (12)"]
[Date "2014.07.26"]
[Round "9.53"]
[White "Gaubert, Cedric"]
[Black "Flear, James C"]
[Result "1/2-1/2"]
[WhiteElo "1384"]
[BlackElo "1227"]
[PlyCount "52"]
[EventDate "2014.??.??"]
[Source "Sylvain Rivier"]
[SourceDate "2014.07.26"]

1. d4 d5 2. Nf3 Nc6 3. Bf4 Bg4 4. e3 e6 5. c3 Bd6 6. Bxd6 Qxd6 7. h3 Bh5 8.
Nbd2 Nf6 9. Qb3 Bxf3 10. Nxf3 O-O 11. Bd3 Rab8 12. O-O h6 13. Qc2 b5 14. b3 a5
15. a3 a4 16. Qe2 Na7 17. Rac1 Nd7 18. Bb1 e5 19. dxe5 Nxe5 20. Nxe5 Qxe5 21.
Qd3 f5 22. Qd4 Qxd4 23. cxd4 Rbc8 24. Rc5 c6 25. Rfc1 f4 26. e4 dxe4 {suite
illisible} 1/2-1/2

[Event "22ème Open de Saint-Affrique"]
[Site "Saint Affrique (12)"]
[Date "2014.07.26"]
[Round "9.54"]
[White "Grimault, Lou"]
[Black "Boyd, Christopher"]
[Result "1-0"]
[WhiteElo "1317"]
[BlackElo "1367"]
[PlyCount "125"]
[EventDate "2014.??.??"]
[Source "Sylvain Rivier"]
[SourceDate "2014.07.26"]

1. e4 e5 2. Nf3 Nc6 3. d4 exd4 4. Bc4 Bc5 5. O-O d6 6. c3 dxc3 7. Nxc3 Nf6 8.
Bg5 h6 9. Bf4 Be6 10. Bxe6 fxe6 11. e5 dxe5 12. Bxe5 Nxe5 13. Nxe5 O-O 14. Re1
Nd5 15. Nd3 Nxc3 16. bxc3 Qd5 17. Nxc5 Qxc5 18. Qc2 e5 19. Re2 b6 20. Rae1 Rae8
21. Re3 Re6 22. Qb3 Rff6 23. R1e2 Qd6 24. Rxe5 Kf7 25. f4 g6 26. g4 Ke7 27.
Rxe6+ Rxe6 28. Rxe6+ Qxe6 29. Qa3+ Kd8 30. Qf8+ Kd7 31. f5 Qe3+ 32. Kg2 Qe2+
33. Kg3 Qe3+ 34. Kg2 Qe4+ 35. Kf2 Qf4+ 36. Ke1 gxf5 37. gxf5 Qe5+ 38. Kf1 Qf4+
39. Kg2 Qd2+ 40. Kg1 Qe1+ 41. Kg2 Qe2+ 42. Kg3 Qe5+ 43. Kg4 Qxh2 44. Qf7+ Kd8
45. Qd5+ Qd6 46. Qxd6+ cxd6 47. Kh5 Ke7 48. Kg6 a6 49. Kg7 h5 50. f6+ Ke6 51.
f7 h4 52. f8=Q h3 53. Qf6+ Kd5 54. Qf5+ Kc4 55. Qxh3 d5 56. Kf6 b5 57. Ke5 b4
58. cxb4 Kxb4 59. Qb3+ Ka5 60. Qb8 Ka4 61. Kxd5 a5 62. Kc4 Ka3 63. Qb3# 1-0

[Event "22ème Open de Saint-Affrique"]
[Site "Saint Affrique (12)"]
[Date "2014.07.26"]
[Round "9.55"]
[White "Zachary, Bastian"]
[Black "Grimault, Stephanie"]
[Result "0-1"]
[WhiteElo "1360"]
[BlackElo "1274"]
[PlyCount "158"]
[EventDate "2014.??.??"]
[Source "Sylvain Rivier"]
[SourceDate "2014.07.26"]

1. d4 e6 2. c4 b6 3. Nc3 Bb7 4. e3 Nf6 5. Nf3 Bb4 6. Bd2 Bxc3 7. Bxc3 O-O 8.
Be2 d5 9. O-O Re8 10. Re1 Nbd7 11. Bd3 h6 12. Nd2 c5 13. f3 Qc7 14. b3 Rad8 15.
dxc5 bxc5 16. e4 d4 17. Bb2 Ne5 18. Qe2 Ng6 19. g3 e5 20. Rf1 Bc8 21. Qg2 a5
22. a4 Be6 23. h3 Qd7 24. Kh2 Rb8 25. Ba3 Qc8 26. h4 Nh8 27. Rg1 Rb6 28. Rab1
Bd7 29. Qf2 Nh5 30. g4 Nf4 31. Be2 Rf6 32. Rb2 Rd8 33. Rbb1 Nfg6 34. Qg3 Be8
35. h5 Nf4 36. Qf2 Ne6 37. Bd3 Nf4 38. Be2 g6 39. Qh4 g5 40. Qe1 d3 41. Bd1 Rb6
42. Qe3 Rc6 43. Rf1 f6 44. Rg1 Nf7 45. Rf1 Nd6 46. Rg1 Nb7 47. Rf1 Bd7 48. Rg1
Rf8 49. Rf1 Ne6 50. Bb2 Nf4 51. Bc3 Nd6 52. Rg1 f5 53. gxf5 Nxf5 54. exf5 Rxf5
55. Bxa5 Nxh5 56. Qxd3 Nf6 57. Ne4 Kg7 58. Nxf6 Rcxf6 59. Bd2 Qc7 60. Kg2 Qc6
61. Rf1 h5 62. Be2 g4 63. Qe4 gxf3+ 64. Bxf3 Rg6+ 65. Kh2 Qf6 66. Bg2 Rg4 67.
Qe2 Qh4+ 68. Kg1 Rg3 69. Be1 Qd4+ 70. Bf2 Rxg2+ 71. Kxg2 Rg5+ 72. Kh1 Bc6+ 73.
Kh2 Qf4+ 74. Kh3 Bd7+ 75. Qg4 hxg4+ 76. Kg2 Qe4+ 77. Kg3 Qf3+ 78. Kh2 Rh5+ 79.
Kg1 Qh1# 0-1

[Event "22ème Open de Saint-Affrique"]
[Site "Saint Affrique (12)"]
[Date "2014.07.26"]
[Round "9.56"]
[White "Salvador, Lucie"]
[Black "Bernard, Elodie"]
[Result "1-0"]
[WhiteElo "1437"]
[BlackElo "1113"]
[PlyCount "83"]
[EventDate "2014.??.??"]
[Source "Sylvain Rivier"]
[SourceDate "2014.07.26"]

1. e4 e5 2. Nf3 Nc6 3. Bb5 Bc5 4. d3 Nf6 5. Nc3 h6 6. O-O O-O 7. Bxc6 dxc6 8.
Nxe5 Re8 9. Nf3 Bg4 10. Bf4 Bd6 11. Bg3 Nh5 12. h3 Nxg3 13. fxg3 Bc5+ 14. Kh2
Bc8 15. d4 Bd6 16. e5 Be7 17. d5 cxd5 18. Qxd5 Qxd5 19. Nxd5 Bd8 20. Rad1 c6
21. Nc3 f6 22. Rd2 fxe5 23. Nxe5 Bg5 24. Re2 Re6 25. Nf3 Bf6 26. Rfe1 Rxe2 27.
Rxe2 Bf5 28. g4 Be6 29. Rxe6 Rd8 30. Re3 b5 31. Kg3 Bd4 32. Nxd4 Rxd4 33. Rd3
Rc4 34. Rd2 b4 35. Ne2 a5 36. Nf4 a4 37. Nd3 Rd4 38. Kf3 c5 39. Ke3 Rd5 40. Nf4
Re5+ 41. Kf3 g5 42. Nd5 1-0

[Event "22ème Open de Saint-Affrique"]
[Site "Saint Affrique (12)"]
[Date "2014.07.26"]
[Round "9.57"]
[White "Roubaud, Brennan"]
[Black "Cellier-Valencia, Baptiste"]
[Result "1-0"]
[WhiteElo "1282"]
[BlackElo "1347"]
[PlyCount "74"]
[EventDate "2014.??.??"]
[Source "Sylvain Rivier"]
[SourceDate "2014.07.26"]

1. e4 c5 2. Nf3 Nc6 3. Nc3 g6 4. Bc4 Bg7 5. O-O Nf6 6. h3 d6 7. Bb5 Bd7 8. Re1
Qb6 9. Bxc6 Bxc6 10. d4 cxd4 11. Nxd4 Bd7 12. Bf4 e5 13. Ndb5 Bxb5 14. Nxb5 Qd8
15. Nxd6+ Kf8 16. Bxe5 Qe7 17. Bxf6 Qxf6 18. c3 Rd8 19. e5 Qe6 20. Qg4 Qxg4 21.
hxg4 f6 22. exf6 Bxf6 23. Nxb7 Rb8 24. Nc5 Rxb2 25. Nd7+ Kf7 26. Nxf6 Kxf6 27.
Rec1 Re8 28. a4 Ree2 29. Rf1 Rbc2 30. Rac1 Rb2 31. Rcd1 Kg5 32. Rd4 Rec2 33.
Rd7 h6 34. Rxa7 Kxg4 35. Ra6 Kh5 36. Ra5+ g5 37. g3 Rxc3 {suite illlisible} 1-0

[Event "22ème Open de Saint-Affrique"]
[Site "Saint Affrique (12)"]
[Date "2014.07.26"]
[Round "9.58"]
[White "Daures, Florian"]
[Black "Achard-Rozan, Celian"]
[Result "0-1"]
[WhiteElo "1160"]
[BlackElo "1330"]
[PlyCount "40"]
[EventDate "2014.??.??"]
[Source "Sylvain Rivier"]
[SourceDate "2014.07.26"]

1. e4 e5 2. Nf3 Nc6 3. d4 exd4 4. Nxd4 Bc5 5. Nxc6 bxc6 6. Nc3 d6 7. Bc4 Nf6 8.
Bg5 O-O 9. Qd2 Be6 10. Bxf6 Qxf6 11. Bxe6 fxe6 12. O-O-O Qxf2 13. e5 Be3 14.
Ne4 Bxd2+ 15. Rxd2 Qe3 16. exd6 cxd6 17. Nxd6 Rad8 18. Nc4 Qf4 19. Ne5 Qf1+ 20.
Rxf1 Rxf1+ 0-1

[Event "22ème Open de Saint-Affrique"]
[Site "Saint Affrique (12)"]
[Date "2014.07.26"]
[Round "9.59"]
[White "Gachon, Valentin"]
[Black "Van Den Brande, Norman"]
[Result "1-0"]
[WhiteElo "1301"]
[BlackElo "1210"]
[PlyCount "111"]
[EventDate "2014.??.??"]
[Source "Sylvain Rivier"]
[SourceDate "2014.07.26"]

1. e4 c6 2. d4 d5 3. e5 e6 4. Nf3 Ne7 5. c4 g6 6. Bg5 Qb6 7. b3 Qb4+ 8. Nbd2 b6
9. Bf6 Rg8 10. Bd3 Qc3 11. Qb1 Bg7 12. Bxg7 Rxg7 13. O-O Na6 14. a3 Nf5 15. Rc1
Qxc1+ 16. Qxc1 c5 17. Bxf5 exf5 18. cxd5 g5 19. Nc4 g4 20. Nfd2 Bd7 21. dxc5
Nxc5 22. b4 Nd3 23. Qc3 Nf4 24. e6 Ne2+ 25. Kf1 Nxc3 26. exd7+ Kxd7 27. Ne3 Kd6
28. Nxf5+ Kxd5 29. Nxg7 Rg8 30. Nf5 Re8 31. Ne3+ Kd4 32. Nxg4 Re2 33. Nf3+ Kd3
34. Nfe5+ Kd2 35. Nf3+ Kd3 36. Nge5+ Kc2 37. Nd4+ Kb2 38. Nxe2 Nxe2 39. Kxe2
Kxa1 40. Nxf7 Kb2 41. Nd6 Kxa3 42. f4 Kxb4 43. f5 a5 44. f6 a4 45. f7 a3 46.
f8=Q a2 47. Qf1 Kb3 48. Qa1 b5 49. Nxb5 Kb4 50. Nc3 h5 51. Nxa2+ Ka3 52. Nc3+
Kb4 53. Kd3 Kb3 54. Qa4+ Kb2 55. Qa2+ Kc1 56. Qd2# 1-0

[Event "22ème Open de Saint-Affrique"]
[Site "Saint Affrique (12)"]
[Date "2014.07.26"]
[Round "9.60"]
[White "Medard, Guillaume"]
[Black "Durand, Joris"]
[Result "1-0"]
[WhiteElo "1330"]
[BlackElo "1330"]
[PlyCount "64"]
[EventDate "2014.??.??"]
[Source "Sylvain Rivier"]
[SourceDate "2014.07.26"]

1. e4 c6 2. d4 d5 3. e5 Bf5 4. Bd2 e6 5. c3 f6 6. f4 fxe5 7. fxe5 Be4 8. Qg4
Bf5 9. Qg3 Ne7 10. Nf3 Ng6 11. Be2 Nd7 12. Bg5 Be7 13. Bxe7 Qxe7 14. Nbd2 O-O
15. O-O c5 16. Rac1 c4 17. h3 Nb6 18. Rb1 Bxb1 19. Rxb1 Na4 20. Ng5 h6 21. Ngf3
Nf4 22. Bd1 Nd3 23. Bxa4 Rab8 24. Bc2 Nf4 25. Qf2 g5 26. Re1 Qg7 27. Qg3 b5 28.
Kh1 b4 29. Qg4 bxc3 30. bxc3 Rb2 31. g3 Rxc2 32. gxf4 Rxf4 {suite illisible}
1-0

[Event "22ème Open de Saint-Affrique"]
[Site "Saint Affrique (12)"]
[Date "2014.07.26"]
[Round "9.62"]
[White "Cellier-Valencia, Lucie"]
[Black "Jackson, Sue"]
[Result "1-0"]
[WhiteElo "1312"]
[BlackElo "1230"]
[PlyCount "37"]
[EventDate "2014.??.??"]
[Source "Sylvain Rivier"]
[SourceDate "2014.07.26"]

1. e4 c5 2. Nf3 Nf6 3. Nc3 e6 4. Bc4 Nc6 5. e5 Ng4 6. h3 Ngxe5 7. Nxe5 Nxe5 8.
d3 Nxc4 9. dxc4 b6 10. Qg4 Bb7 11. Bg5 Qc7 12. Nb5 Qe5+ 13. Be3 Bd6 14. O-O-O
h5 15. Nxd6+ Qxd6 16. Qxg7 Qf8 17. Qg3 Rg8 18. Qc7 Bxg2 19. Qxd7# 1-0

[Event "22ème Open de Saint-Affrique"]
[Site "Saint Affrique (12)"]
[Date "2014.07.26"]
[Round "9.63"]
[White "Combelle, Xavier"]
[Black "Boyd, Emilie"]
[Result "1-0"]
[WhiteElo "1270"]
[BlackElo "1192"]
[PlyCount "57"]
[EventDate "2014.??.??"]
[Source "Sylvain Rivier"]
[SourceDate "2014.07.26"]

1. e4 e5 2. Nf3 Nc6 3. d4 d6 4. dxe5 dxe5 5. Qxd8+ Kxd8 6. Nc3 Bg4 7. Be2 Nf6
8. O-O Bc5 9. Bd2 Kd7 10. Rfd1 b6 11. Bb5 Rad8 12. Nxe5+ Ke7 13. Nxc6+ Kd7 14.
Nxd8+ Kxd8 15. Re1 Kc8 16. Nd5 Rd8 17. Nxf6 gxf6 18. Bf4 f5 19. exf5 Bxf5 20.
c3 Rg8 21. Re8+ Rxe8 22. Bxe8 Kd8 23. Bc6 Be6 24. Rd1+ Kc8 25. Rd3 a6 26. Rg3
f6 27. Rg7 Bd6 28. Rxh7 Bxf4 29. Rh8+ 1-0

[Event "22ème Open de Saint-Affrique"]
[Site "Saint Affrique (12)"]
[Date "2014.07.26"]
[Round "9.64"]
[White "Bois D'Enghien, Noumea"]
[Black "Barascud, Rebecca"]
[Result "1-0"]
[WhiteElo "1240"]
[BlackElo "1020"]
[PlyCount "95"]
[EventDate "2014.??.??"]
[Source "Sylvain Rivier"]
[SourceDate "2014.07.26"]

1. e4 e5 2. d4 Nc6 3. d5 Nce7 4. Nc3 d6 5. f3 Nf6 6. Bc4 Ng6 7. Nge2 Be7 8. Be3
O-O 9. Qd2 c6 10. O-O-O cxd5 11. Nxd5 Bd7 12. Nxe7+ Qxe7 13. Qxd6 Qd8 14. Qd3
Ba4 15. Qxd8 Raxd8 16. Bxa7 Rc8 17. b3 Bc6 18. Bb6 Nd7 19. Be3 Nh4 20. Rhg1 Nb8
21. Bd5 Bxd5 22. Rxd5 Rcd8 23. Rxe5 Ng6 24. Rh5 Rc8 25. g4 Nc6 26. Bc5 Rfd8 27.
Rd1 Nce5 28. Rxd8+ Rxd8 29. f4 Nxg4 30. f5 Nf8 31. Rg5 Nxh2 32. Bd4 Nf3 33.
Rxg7+ Kh8 34. Rg3+ Nxd4 35. Nxd4 Rxd4 36. Rg4 Nd7 37. Rf4 Nc5 38. Kb2 Na6 39.
f6 Nb4 40. Kc3 Rd1 41. Kxb4 Rh1 42. e5 h5 43. e6 Kg8 44. e7 h4 45. e8=Q+ Kh7
46. Qxf7+ Kh6 47. Qg7+ Kh5 48. Rf5# 1-0

[Event "22ème Open de Saint-Affrique"]
[Site "Saint Affrique (12)"]
[Date "2014.07.26"]
[Round "9.65"]
[White "Salvador, Thomas"]
[Black "Mouton, Aline"]
[Result "1-0"]
[WhiteElo "1110"]
[BlackElo "1010"]
[PlyCount "31"]
[EventDate "2014.??.??"]
[Source "Sylvain Rivier"]
[SourceDate "2014.07.26"]

1. e4 Nf6 2. Nc3 Nc6 3. Nf3 d6 4. d4 Bg4 5. Be2 e5 6. O-O exd4 7. Nxd4 Bh5 8.
Bxh5 g6 9. Bg4 h5 10. Bf3 Nb4 11. Re1 d5 12. Ndb5 dxe4 13. Bf4 Rc8 14. Rc1 Qd7
15. Nd4 Nxa2 16. Ra1 {suite illisible} 1-0

[Event "22ème Open de Saint-Affrique"]
[Site "Saint Affrique (12)"]
[Date "2014.07.26"]
[Round "9.66"]
[White "Coquelle, Addison"]
[Black "Audigier, Robert"]
[Result "0-1"]
[WhiteElo "1009"]
[BlackElo "1298"]
[PlyCount "72"]
[EventDate "2014.??.??"]
[Source "Sylvain Rivier"]
[SourceDate "2014.07.26"]

1. e4 c5 2. d4 cxd4 3. Qxd4 Nc6 4. Qd5 e6 5. Qd3 a6 6. Nf3 Nge7 7. g3 Qc7 8.
Bg2 Ng6 9. O-O b5 10. c4 Nge5 11. Qc3 b4 12. Qe3 Nxc4 13. Qe2 N6e5 14. Nxe5
Nxe5 15. Bf4 Bb7 16. Nd2 Bd6 17. Rac1 Qb6 18. Bxe5 Bxe5 19. Nc4 Qb5 20. Rfe1
Rc8 21. f4 Bb8 22. e5 Bxg2 23. Kxg2 O-O 24. a4 Qd5+ 25. Kf1 Qh1+ 26. Kf2 Qxh2+
27. Kf1 Qxg3 28. Qe4 f5 29. Qb7 Qxf4+ 30. Kg1 Rc7 31. Qxa6 Ba7+ 32. Kh1 Qf3+
33. Kh2 Qf4+ 34. Kh1 Qh4+ 35. Kg2 f4 36. Kf1 Qf2# 0-1

[Event "22ème Open de Saint-Affrique"]
[Site "Saint Affrique (12)"]
[Date "2014.07.25"]
[Round "8.66"]
[White "Antos, Claude"]
[Black "Raynal, Hortense"]
[Result "0-1"]
[WhiteElo "1499"]
[BlackElo "1050"]
[PlyCount "28"]
[EventDate "2014.??.??"]
[Source "Sylvain Rivier"]
[SourceDate "2014.07.26"]

1. e4 e5 2. Nf3 Nc6 3. Bc4 Nf6 4. O-O Bc5 5. d3 O-O 6. Nc3 d6 7. h3 Nd4 8. a3
Nxf3+ 9. gxf3 Bxh3 10. Re1 Nh5 11. d4 Bxd4 12. Bd5 Qh4 13. Bxb7 Qxf2+ 14. Kh1
Qg2# 0-1